00360nam a2200133Ia 4500008004100000041001200041082002100053100002400074245005800098250001600156260003100172300001300203650001000216231217s9999 xx 000 0 und d aEnglish a001.6423 RED;20 aReddy, Padma, A M. 0aAnalysis and design of algorithms : for 4th sem CS/IS a5th rev ed. c2009bSri NandiaBangalore a11.4+A62 aCS/IS